Underspending: a Regeneration and Renewal special report (Record no. 72255)

MARC details
000 -LEADER
fixed length control field 01021cam a2200229 4500
001 - CONTROL NUMBER
control field ABS66476
008 - FIXED-LENGTH DATA ELEMENTS--GENERAL INFORMATION
fixed length control field 030306n2003 000 0 eng u
035 ## - SYSTEM CONTROL NUMBER
System control number (Sirsi) u121558
100 ## - MAIN ENTRY--PERSONAL NAME
Personal name Willis, B.
245 ## - TITLE STATEMENT
Title Underspending: a Regeneration and Renewal special report
260 ## - PUBLICATION, DISTRIBUTION, ETC.
Date of publication, distribution, etc. 2003
490 ## - SERIES STATEMENT
Series statement Regeneration and Renewal
Volume/sequential designation 14 February 2003, 21-24(4)
520 ## - SUMMARY, ETC.
Summary, etc. Many of the regeneration partnerships and agencies in the UK have underspent their funds and are coming under pressure from government to spend. This confirms "Regeneration and Renewal" research from last year highlighting 30% of Regional Development Agencies' (RDAs) budgets had been spent by the first two quarters of 2002-03. Hull is given as an example where spending on housing is badly needed and being delayed.
590 ## - LOCAL NOTE (RLIN)
Local note ABS
650 ## - SUBJECT ADDED ENTRY--TOPICAL TERM
Topical term or geographic name entry element REGENERATION
650 ## - SUBJECT ADDED ENTRY--TOPICAL TERM
Topical term or geographic name entry element FUNDS
650 ## - SUBJECT ADDED ENTRY--TOPICAL TERM
Topical term or geographic name entry element UNDERSPENDING
650 ## - SUBJECT ADDED ENTRY--TOPICAL TERM
Topical term or geographic name entry element REGIONAL DEVELOPMENT AGENCIES
650 ## - SUBJECT ADDED ENTRY--TOPICAL TERM
Topical term or geographic name entry element NEW DEAL FOR COMMUNITIES
690 ## - LOCAL SUBJECT ADDED ENTRY--TOPICAL TERM (OCLC, RLIN)
Topical term or geographic name as entry element REGENERATION
942 ## - ADDED ENTRY ELEMENTS (KOHA)
Suppress in OPAC 0
Holdings
Withdrawn status Lost status Source of classification or shelving scheme Damaged status Not for loan Home library Current library Shelving location Date acquired Total Checkouts Full call number Barcode Date last seen Copy number Price effective from Koha item type
    Dewey Decimal Classification     London London Journal article 06/03/2003   ABS66476 121558-1001 06/08/2019 1 06/08/2019 Journal article